| 000 | 00999nam a2200301 4500 | ||
|---|---|---|---|
| 005 | 20150717113754.0 | ||
| 008 | 730521s1972 nyua b 001 0 eng | ||
| 010 | _a 73187103 | ||
| 020 |
_a0080169562 _a0080171923 (pbk.) |
||
| 035 | _aAAD2781LB | ||
| 035 | _a(OCoLC)ocm00637425 | ||
| 040 |
_aDLC _cDLC _dm.c. _dSMI _dWaOLN |
||
| 049 | _aSMIH | ||
| 050 | _aBJ57.C37 1972 | ||
| 090 |
_aBJ57 _b.C37 1972X |
||
| 099 | _aBJ57.C37 1972X | ||
| 100 | 1 |
_aCattell, Raymond B. _q(Raymond Bernard), _d1905-1998 _918381 |
|
| 245 | 1 | 2 |
_aA new morality from science: beyondism _c[by] Raymond B. Cattell. |
| 260 |
_aNew York, _bPergamon Press _c[c1972] |
||
| 300 |
_axvii, 482 p. _billus. _c23 cm. |
||
| 490 | 1 |
_aPergamon general psychology series, _vv. 32 |
|
| 504 | _aBibliography: p. 455-468. | ||
| 650 | 0 |
_aScience _xMoral and ethical aspects _915245 |
|
| 650 | 0 |
_aSocial ethics _918382 |
|
| 830 | 0 |
_aPergamon general psychology series. _vv. 32. _918383 |
|
| 942 |
_2lcc _cMONOGRAPH |
||
| 945 | _aRCP018 | ||
| 999 |
_c122997 _d122997 |
||